000 00301nam a2200097Ia 4500
008 220204s9999 xx 000 0 und d
082 _a62.001.5
_bCOM;2
245 0 _aCompendium on in house R & D centres September 1988
260 _aNew Delhi
_bDept of Scientific & Industrial Research
_c1988
942 _cBK
999 _c43300
_d43300